000 00394nam a2200145Ia 4500
005 20250310035549.0
008 240331s9999 xx 000 0 und d
082 _bYOG
_25130
_a894.811
100 _aYoganathan, C
245 0 _aKanneer Vittay Valarththoam
260 _aJaffna,
_bJeyabharathi
_c1978
300 _a192 p.,
500 _aA collection of short stories by C. Yoganathan.
942 _cL
999 _c4252
_d4252